LEADER 07494oam 22014054 450 001 9910788320503321 005 20230801232026.0 010 $a1-4755-1633-9 010 $a1-4755-4519-3 035 $a(CKB)3170000000057735 035 $a(EBL)1587747 035 $a(SSID)ssj0001047381 035 $a(PQKBManifestationID)11633186 035 $a(PQKBTitleCode)TC0001047381 035 $a(PQKBWorkID)11158096 035 $a(PQKB)10825234 035 $a(MiAaPQ)EBC1587747 035 $a(Au-PeEL)EBL1587747 035 $a(CaPaEBR)ebr10790031 035 $a(CaONFJC)MIL538130 035 $a(OCoLC)867110133 035 $a(IMF)CPVIEE 035 $a(IMF)CPVIEA 035 $a(EXLCZ)993170000000057735 100 $a20020129d2012 uf 0 101 0 $aeng 135 $aur|n|---||||| 181 $ctxt 182 $cc 183 $acr 200 10$aCommodity Price Volatility and Inclusive Growth in Low-Income Countries /$fRabah Arezki, Catherine Pattillo, Marc Quintyn, Min Zhu 210 1$aWashington, D.C. :$cInternational Monetary Fund,$d2012. 215 $a1 online resource (409 p.) 300 $aDescription based upon print version of record. 311 $a1-61635-379-1 311 $a1-4755-4454-5 320 $aIncludes bibliographical references and index. 327 $tEssays on commodity price volatility and inclusive growth / Josette Sheeran, Joseph E. Stiglitz -- Introduction / Rabah Arezki ... [et al.] -- The natural resource curse : a survey of diagnoses and some prescription / Jeffrey A. Frankel -- The political economy of petroleum wealth in low-income countries : some policy alternatives / Michael L. Ross -- Commodity price volatility : impact and policy challenges for low-income countries / Hugh Bredenkamp and Julia Bersch -- How should emerging market and low-income country central banks respond to commodity price shocks? / Rahul Anan and Eswar S. Prasad -- Savings and investment decisions in resource-rich low-income countries / Paul Collier -- Fiscal policy for commodity-exporting countries : Chile's experience / Klaus Schmidt-Hebbel -- What is inclusive growth? / Elena Ianchovichina and Susanna Lundstrom Gable -- Inclusive growth in natural resource : intensive economies / Andrew M. Warner -- Inequality and unsustainable growth : two sides of the same coin? / Andrew G. Berg and Jonathan D. Ostry -- Commodity price volatility, poverty, and growth inclusiveness in Sub-Saharan African countries / Franc?ois Bourguignon -- Natural resources, volatility, and inclusive growth : perspectives from the Middle East and North Africa / Rabah Arezki and Mustapha K. Nabli -- Inclusive growth in Sub-Saharan Africa : evidence from six countries during the recent high-growth period / Rodrigo Garcia-Verdu, Abebe Aemro Selassie, and Alun Thomas -- Distributional consequences and policy responses to food price inflation in developing Asia / Shikha Jha and Changyong Rhee -- Mexico's oil price-hedging program / Javier Duclaud and Gerardo Garci?a -- Food price volatility : an international policy challenge? / Pierre Jacquet -- Trade distortions and food price surges / Will Martin and Kym Anderson -- The role of transparency and civil society in managing commodities for inclusive growth and development / Antonie Heuty. 330 3 $aIn the years following the global financial crisis, many low-income countries experienced rapid recovery and strong economic growth. However, many are now facing enormous difficulties because of rapidly rising food and fuel prices, with the threat of millions of people being pushed into poverty around the globe. The risk of continued food price volatility is a systemic challenge, and a failure in one country has been shown to have a profound impact on entire regions. This volume addresses the challenges of commodity price volatility for low-income countries and explores some macroeconomic policy options for responding to commodity price shocks. The book then looks at inclusive growth policies to address inequality in commodity-exporting countries, particularly natural resource rich countries. Perspectives from the Middle East and North Africa, sub-Saharan Africa, emerging Asia, and Mexico are presented and, finally, the role of the international donor community is examined. This volume is a must read for policymakers everywhere, from those in advanced, donor countries to those in countries with the poorest and most vulnerable populations. 410 0$aBooks 606 $aEconomic development$zDeveloping countries 606 $aPrices$zDeveloping countries$vCase studies 606 $aPrices$zDeveloping countries 606 $aInvestments: Energy$2imf 606 $aLabor$2imf 606 $aMacroeconomics$2imf 606 $aPublic Finance$2imf 606 $aNatural Resources$2imf 606 $aAgricultural and Natural Resource Economics$2imf 606 $aEnvironmental and Ecological Economics: General$2imf 606 $aAggregate Factor Income Distribution$2imf 606 $aCommodity Markets$2imf 606 $aFiscal Policy$2imf 606 $aMacroeconomics: Consumption$2imf 606 $aSaving$2imf 606 $aWealth$2imf 606 $aAgriculture: Aggregate Supply and Demand Analysis$2imf 606 $aPrices$2imf 606 $aEnvironmental management$2imf 606 $aInvestment & securities$2imf 606 $aLabour$2imf 606 $aincome economics$2imf 606 $aPublic finance & taxation$2imf 606 $aNatural resources$2imf 606 $aIncome inequality$2imf 606 $aConsumption$2imf 606 $aFiscal policy$2imf 606 $aOil$2imf 606 $aEnvironment$2imf 606 $aNational accounts$2imf 606 $aCommodities$2imf 606 $aFood prices$2imf 606 $aIncome distribution$2imf 606 $aEconomics$2imf 607 $aChile$2imf 615 0$aEconomic development 615 0$aPrices 615 0$aPrices 615 7$aInvestments: Energy 615 7$aLabor 615 7$aMacroeconomics 615 7$aPublic Finance 615 7$aNatural Resources 615 7$aAgricultural and Natural Resource Economics 615 7$aEnvironmental and Ecological Economics: General 615 7$aAggregate Factor Income Distribution 615 7$aCommodity Markets 615 7$aFiscal Policy 615 7$aMacroeconomics: Consumption 615 7$aSaving 615 7$aWealth 615 7$aAgriculture: Aggregate Supply and Demand Analysis 615 7$aPrices 615 7$aEnvironmental management 615 7$aInvestment & securities 615 7$aLabour 615 7$aincome economics 615 7$aPublic finance & taxation 615 7$aNatural resources 615 7$aIncome inequality 615 7$aConsumption 615 7$aFiscal policy 615 7$aOil 615 7$aEnvironment 615 7$aNational accounts 615 7$aCommodities 615 7$aFood prices 615 7$aIncome distribution 615 7$aEconomics 676 $a338.52091724 700 $aArezki$b Rabah$01472682 701 $aPattillo$b Catherine$01472701 701 $aQuintyn$b Marc$0247373 701 $aZhu$b Min$0825169 712 02$aInternational Monetary Fund. 801 0$bDcWaIMF 906 $aBOOK 912 $a9910788320503321 996 $aCommodity Price Volatility and Inclusive Growth in Low-Income Countries$93747516 997 $aUNINA LEADER 03117nam 2200757Ia 450 001 9910962683703321 005 20200520144314.0 010 $a9786613652027 010 $a9781280675096 010 $a1280675098 010 $a9781118223840 010 $a1118223845 035 $a(CKB)2670000000161765 035 $a(EBL)821804 035 $a(OCoLC)769289647 035 $a(SSID)ssj0000622534 035 $a(PQKBManifestationID)11389572 035 $a(PQKBTitleCode)TC0000622534 035 $a(PQKBWorkID)10642141 035 $a(PQKB)10800374 035 $a(Au-PeEL)EBL821804 035 $a(CaPaEBR)ebr10546573 035 $a(CaONFJC)MIL365202 035 $a(OCoLC)858609734 035 $a(OCoLC)ocn858609734 035 $a(CaSebORM)9781118237120 035 $a(MiAaPQ)EBC821804 035 $a(Perlego)1000966 035 $a(EXLCZ)992670000000161765 100 $a20111219d2012 uy 0 101 0 $aeng 135 $aurunu||||| 181 $ctxt 182 $cc 183 $acr 200 14$aThe 3 power values $ehow commitment, integrity, and transparency clear the roadblocks to performance /$fby David Gebler 205 $a1st ed. 210 $aSan Francisco, CA $cJossey-Bass$d2012 215 $a1 online resource (242 p.) 300 $aDescription based upon print version of record. 311 08$a9781118237120 311 08$a1118237129 311 08$a9781118101322 311 08$a1118101324 320 $aIncludes bibliographical references and index. 327 $aTHE 3 POWER VALUES; CONTENTS; PREFACE; PART 1: Alignment Is the Key; 1: Culture Drives Performance; 2: Behavior Roadblocks; 3: Values Drive Culture; PART 2: The Power Values; 4: Integrity Aligns Goals and Standards; 5: Commitment Aligns Principles and Goals; 6: Transparency Aligns Principles and Standards; 7: Your Plan for High Performance; NOTES; SUGGESTED READINGS; ACKNOWLEDGMENTS; ABOUT THE AUTHOR; INDEX 330 $aGet organizational results by nurturing commitment, integrity, and transparency A healthy corporate culture is the secret to an organization's performance. The good news is that employees already embody the values needed to propel the organization to its goals, but institutional roadblocks get in the way. All too often leaders don't know how to diagnose their culture in order to clear these roadblocks to performance. The 3 Power Values presents a breakthrough model that permits leaders to measure and manage culture. To create a fully aligned high-performing culture, leaders nee 517 3 $aThree power values 606 $aCommitment (Psychology) 606 $aIntegrity 606 $aCorporate culture 606 $aOrganization 615 0$aCommitment (Psychology) 615 0$aIntegrity. 615 0$aCorporate culture. 615 0$aOrganization. 676 $a650.1 686 $aBUS041000$2bisacsh 700 $aGebler$b David$f1959-$01809189 801 0$bMiAaPQ 801 1$bMiAaPQ 801 2$bMiAaPQ 906 $aBOOK 912 $a9910962683703321 996 $aThe 3 power values$94359851 997 $aUNINA